20 największych państw w historii - Statystyki

Ogólne statystyki
  • Ten quiz został rozwiązany 874 razy
    770 od ostatniego zresetowania
  • Średni wynik to 10 z 20
Statystyki odpowiedzi
Miejsce Państwo / Imperium % Poprawnych
6. Rosja
85%
13. Chiny
82%
14. Stany Zjednoczone
82%
2. Mongolia
73%
9. Imperium Francuskie
71%
19. Cesarstwo Rzymskie
66%
12. Kanada
64%
5. Imperium Hiszpańskie
62%
1. Imperium Brytyjskie
60%
15. Cesarstwo Brazylii
58%
4. ZSRR
58%
11. Imperium Portugalskie
47%
18. Cesarstwo Japońskie
45%
16. Australia
41%
20. Trzecia Rzesza
36%
17. Persja
33%
3. Imperium Rosyjskie
32%
10. Kalifat Abbasydów
7%
7. Cesarstwo Chińskie
4%
8. Kalifat Ummajadów
3%
Nie znaleziono quizów pasujących do podanych kryteriów
Rozkład punktacji
Procent ludzi z każdym wynikiem
Percentyl według liczby udzielonych odpowiedzi
Twoja historia wyników
Nie rozwiązałeś tego quizu od ostatniego zresetowania